00345nam a2200133Ia 4500008004100000020001500041041001200056082001600068100001400084245004800098260004200146300000800188650001500196221030s9999 xx 000 0 und d a8120416104 aEnglish a105.23bPar aU. Pareek 0aDesigning & Managing Human Resource Systems bOxford Unviersity PressaMumbaic2003 a622 aManagement